000 00497nam a2200193 a 4500
001 13388
003 CO-ViMGA
008 141112s2004 ck r 000 u spa d
020 _a8477228426
040 _aCO-ViMGA
_bspa
_cCO-ViMGA
082 0 4 _aCARm
100 1 _aCarranza, Maite; Capdevila, Roser
_919562
245 1 0 _aSefa mona
260 _aBarcelona :
_bCeac,
_c1992
300 _a26 : ils
490 _aLa sorprendente sefa ceferina
650 1 4 _aCUENTOS INFANTILES
_92743
942 _2ddc
_cBK
999 _c24127
_d24127